|
|
|
|
| LEADER |
00000cam a2200000 7i4500 |
| 001 |
0000000739 |
| 005 |
20000927.0 |
| 020 |
0 |
0 |
|a 0070387672
|
| 090 |
0 |
0 |
|a 658.834
|b LOU 1993
|
| 100 |
1 |
0 |
|a LOUDON
|h David L.
|
| 245 |
1 |
0 |
|a Consumer behavior :
|b Concepts and applications
|c David L. Loudon, Albert J. Della Bitta
|
| 250 |
0 |
0 |
|a 4th ed.
|
| 260 |
0 |
0 |
|a New York :
|b McGraw-Hill ,
|c 1993
|
| 300 |
|
|
|a xxiii, 788 p. :
|b ill. ;
|c 26 cm.
|
| 500 |
0 |
0 |
|a Bibliography: [p.733-782] and index
|
| 650 |
0 |
0 |
|a Consumer behavior
|
| 650 |
0 |
0 |
|a Consumer behavior
|x Case studies
|
| 700 |
0 |
1 |
|a Della Bitta
|h Albert J.
|
| 999 |
|
|
|a 0000000375
|b Monograph
|c Open Shelf
|e Default branch
|